Irrigation development in Africa : lesson of experience
| Main Author: | |
|---|---|
| Other Authors: | |
| Format: | Book |
| Published: |
Boulder :
Westview Press ,
1990
|
| Subjects: |
MARC
| LEADER | 00000cam a2200000 7i4500 | ||
|---|---|---|---|
| 001 | 0000004752 | ||
| 002 | 000005123 | ||
| 005 | 20000330.0 | ||
| 020 | |a 0813378133 | ||
| 090 | 0 | 0 | |a 333.9130967 |b MOR |
| 100 | 1 | |a Moris, Jon R | |
| 245 | 1 | 0 | |a Irrigation development in Africa : |b lesson of experience |c Jon R.Moris and Derrick J.Thom |
| 260 | |a Boulder : |b Westview Press , |c 1990 | ||
| 300 | |a 678 p. ; |c 22 cm. | ||
| 650 | 0 | 0 | |a Irrigation |x Management |
| 650 | 0 | 0 | |a Irrigation |z Africa,Sub-Saharan |
| 700 | 1 | |a Thom, Derrick J | |
| 999 | |a 0357500 |b BUKU |c RUJUKAN |e PERPUSTAKAAN KOMUNITI PETALING JAYA | ||